000 00393nam a2200157Ia 4500
005 20250403085304.0
008 231217s9999 xx 000 0 und d
020 _a9788131406809
082 _a658.3 MUR;1 R
100 _aMurthy. G R K.
245 0 _aHRM in knowledge economy
260 _c2007
_bIcfai
_aHyderabad
300 _aiv, 469
650 _aHRM,knowledge,economy
942 _cAA
999 _c190504
_d190504